000 00863nam a2200265 i 4500
003 DO-SdBNP
005 20230517093341.0
006 a|||||r|||| 00| 0
007 ta
008 230509t2022 dr |||er|||| 001 fdspa d
020 _a9789945906684
040 _aDO-SdBNP
_bspa
_cBNPHU
_erda
082 4 _222
_bR789m
100 1 _972317
_aRosario, Johan
245 1 0 _aMi mejor historia:
_bcrónica y relatos. /
_cJohan Rosario; prólogo, Domingo Caba Ramos
264 _aSantiago, República Dominicana,
_bArtecia,
_c2022
300 _a175 páginas ;
_c22 cm.
336 _2rdaconten
_atexto
_btxt
337 _2rdamedia
_asin medición
_bn
338 _2rdacarrier
_avolumen
_bnc
500 _aIncluye datos biográficos del autor en la solapas de las cubiertas
590 _aInventariado 2023 / MF
700 1 _aRamos, Caba
_983344
_eprólogo
942 _2ddc
_cLBS1
999 _c53450
_d53450